Ulceras de las extremidades inferiores de origen vascular / (Record no. 120556)

MARC details
000 -LEADER
campo de control de longitud fija 00866nam a2200193 i 4500
001 - NÚMERO DE CONTROL
campo de control 120556
003 - IDENTIFICADOR DE NÚMERO DE CONTROL
campo de control ES-MaACL
005 - FECHA Y HORA DE LA ÚLTIMA TRANSACCIÓN
campo de control 20250829122404.0
007 - CAMPO FIJO DE DESCRIPCIÓN FÍSICA--INFORMACIÓN GENERAL
campo de control de longitud fija t|
008 - DATOS DE LONGITUD FIJA--INFORMACIÓN GENERAL
campo de control de longitud fija 070214s1950 sp r ||||1| spa d
100 1# - ENTRADA PRINCIPAL--NOMBRE DE PERSONA
Nombre de persona Piulachs Oliva, Pedro (
Fechas asociadas al nombre 1908-1976)
9 (RLIN) 92436
245 10 - MENCIÓN DEL TÍTULO
Título Ulceras de las extremidades inferiores de origen vascular /
Mención de responsabilidad, etc. por P. Piulachs.
260 ## - PUBLICACIÓN, DISTRIBUCIÓN, ETC.
Lugar de publicación, distribución, etc. Barcelona [etc.] :
Nombre del editor, distribuidor, etc. Salvat,
Fecha de publicación, distribución, etc. 1950.
300 ## - DESCRIPCIÓN FÍSICA
Extensión 231 p., 8 lám. :
Otras características físicas il. ;
Dimensiones 25 cm.
490 1# - MENCIÓN DE SERIE
Mención de serie Trabajo de la Catedra de Patología Quirúrgica de Barcelona y de la Sección de Cirugía del Consejo Superior de Investigaciones Científicas
830 00 - PUNTO DE ACCESO ADICIONAL DE SERIE-TÍTULO UNIFORME
Título uniforme Trabajo de la Cátedra de Patología Quirúrgica de Barcelona y de la Sección de Cirugía del Consejo Superior de Investigaciones Científicas
9 (RLIN) 242141
852 ## - LOCALIZACIÓN
Ubicación ES-MaACL
Número de control de estantería D-7237
Sublocalización o colección R.29088
Holdings
Estatus retirado Estado de pérdida Estado de daño No para préstamo Biblioteca de origen Biblioteca actual Ubicación en estantería Fecha de adquisición Fuente de adquisición Total de préstamos Signatura topográfica completa Código de barras Visto por última vez Precio de reemplazo Tipo de ítem Koha
        Biblioteca del Ateneo de Madrid Biblioteca del Ateneo de Madrid Sala Valle Inclán 17/01/2008     D-7237 901125660 23/02/2023 23/02/2023 Libro impreso